000
00340nam a22001457a 4500
008
230124b ||||| |||| 00| 0 eng d
020
_a
9781111581527
041
_a
eng
080
_2
TENTH EDITION
_a
51
082
_a
51SMI
100
_a
23
101
_a
MATE
245
_a
MATHEMATICS ITS POWER AND LITILITY
_c
SMITH J K
942
_2
udc
_c
BK
999
_c
59275
_d
59275